Rozvoj hypotekárnych úverov na Slovensku bakalárska práca

Guardado en:
Detalles Bibliográficos
Autor principal: Engelová, Aneta
Autor Corporativo: Fakulta podnikového manažmentu EU. Katedra podnikových financií
Otros Autores: Vavrová, Katarína, 1960-
Formato: Libro
Lenguaje:eslovaco
Publicado: Bratislava 2009
Etiquetas: Agregar Etiqueta
Sin Etiquetas, Sea el primero en etiquetar este registro!

MARC

LEADER 00000nam$a2200000$$$4500
001 0102413
005 20240319124631.6
041 0 |a slo 
044 |a SK 
245 1 0 |a Rozvoj hypotekárnych úverov na Slovensku  |b bakalárska práca  |c Aneta Engelová ; škol. Katarína Vavrová 
264 1 |a Bratislava  |c 2009 
300 |a 47 s. 
100 1 |a Engelová, Aneta 
700 1 |a Vavrová, Katarína, 1960- 
710 2 |a Fakulta podnikového manažmentu EU. Katedra podnikových financií